[Event "Litomysl op"]
[Site "Litomysl"]
[Date "1996.??.??"]
[Round "3"]
[White "Dobosz, Lukasz"]
[Black "Dovzik, Juri"]
[Result "1/2-1/2"]
[WhiteElo "2045"]
[BlackElo "2395"]

1.e4 c5 2.Nf3 e6 3.d4 cxd4 4.Nxd4 Nc6 5.Nb5 d6 6.c4 a6 7.N5c3 Nf6 8.Be2 Be7
9.Be3 O-O 10.O-O b6 11.Qd2 Bb7 12.Na3 Ne5 13.f3 Rc8 14.Rfd1 Qc7 15.Rac1 Rfd8
16.Bf1 Bc6 17.Qf2 Qb7 18.Kh1 Rb8 19.Qg3 Ng6 20.Nc2 d5 21.cxd5 exd5 22.e5 Ne8
23.f4 Bc5 24.Nd4 Ne7 25.Bd3 Bd7 26.Nce2 Nc6 27.Nxc6 Bxc6 28.Nd4 Bxd4 29.Bxd4 Bb5
30.Bxb5 axb5 31.f5 Rbc8 32.e6 fxe6 33.fxe6 Rxc1 34.Rxc1 Rc8 35.Rf1 Qe7 36.Qe5 Nf6
37.Bxb6 Rc6 38.Qb8+ Ne8 39.Bd8 Qxe6 40.Qxb5 h6 41.h3 Rc2 42.Rd1 d4 43.Rxd4 Kh8
44.Rf4 Nd6 45.Rf8+ Kh7 46.Qd3+ Qe4 47.Qxe4+ Nxe4 48.a4 Rxb2 49.a5 Ra2 50.Rf4 Nc5
51.Bb6 Nb3 52.Rf5 g5 53.Rb5 Nd2 54.Kg1 Ne4 55.Bd4 Ra4 56.Bb2 h5 57.h4 Kg6
58.hxg5 Nxg5 59.Rb6+ Kf5 60.a6 Ne4 61.Bg7 Kg4 62.Rg6+ Kf4 63.Bh6+ Kf5 64.Rb6 Ra1+
65.Kh2 h4 66.Rb5+ Kg6 67.Rb4 Ng3 68.Rxh4  1/2-1/2

[Event "EUCup Gr3"]
[Site "London"]
[Date "1996.??.??"]
[Round "2"]
[White "Sowray, Peter J"]
[Black "Pritchett, Craig William"]
[Result "1-0"]
[WhiteElo "2350"]
[BlackElo "2325"]

1.e4 c5 2.Nf3 Nc6 3.d4 cxd4 4.Nxd4 e6 5.Nb5 d6 6.Bf4 e5 7.Be3 Nf6 8.Bg5 a6
9.N5c3 Be7 10.Nd2 O-O 11.Bxf6 Bxf6 12.Bc4 b5 13.Bd5 Bb7 14.a4 Qb6 15.O-O Ne7
16.Bb3 Rac8 17.axb5 axb5 18.Qe2 Bc6 19.Rfd1 b4 20.Na4 Qc7 21.Qc4 Qb7 22.Qd3 Rfd8
23.Nc4 Ra8 24.Nxd6 Qb8 25.Bxf7+ Kf8 26.Bb3 Bxa4 27.Rxa4 Rxa4 28.Qc4  1-0

[Event "Makarska"]
[Site "Makarska"]
[Date "1996.??.??"]
[Round "7"]
[White "Rogic, Davor"]
[Black "Marciano, David"]
[Result "1/2-1/2"]
[WhiteElo "2445"]
[BlackElo "2495"]

1.e4 c5 2.Nf3 e6 3.d4 cxd4 4.Nxd4 Nc6 5.Nb5 d6 6.c4 Nf6 7.N1c3 a6 8.Na3 Be7
9.Be2 O-O 10.O-O b6 11.Be3 Bb7 12.f3 Rc8 13.Qd2 Re8 14.Rfd1 Ne5 15.Kh1 Qc7
16.Rac1 Ned7 17.Bf1 Qb8 18.Bg1 h6 19.Nc2 d5 20.cxd5 exd5 21.exd5 Bd6 22.Ne3 b5
23.a3 Nc5 24.Rc2 Nb3 25.Qd3 Nc5 26.Qd4 Nb3 27.Qh4 Re5 28.Ne4 Nxe4 29.Rxc8+ Bxc8
30.fxe4 Nc5 31.Bd3 Nxd3 32.Rxd3 Bd7 33.Nf1 f5 34.Ng3 fxe4 35.Nxe4 Bf5 36.Rd4 Bxe4
37.Rxe4 Rxd5  1/2-1/2

[Event "Wch U18 Girls"]
[Site "Menorca"]
[Date "1996.??.??"]
[Round "9"]
[White "Lakos, Nikoletta"]
[Black "Blimke, Dalia"]
[Result "1-0"]
[WhiteElo "2280"]
[BlackElo "2145"]

1.e4 c5 2.Nf3 e6 3.d4 cxd4 4.Nxd4 Nc6 5.Nb5 d6 6.c4 Nf6 7.N1c3 a6 8.Na3 Be7
9.Be2 O-O 10.O-O Qc7 11.Be3 b6 12.Rc1 Bb7 13.Nab1 Rac8 14.f4 Rfd8 15.Bf3 Nb8
16.Nd2 Nbd7 17.Qe2 Qb8 18.g4 Bc6 19.b4 b5 20.cxb5 axb5 21.Nb3 d5 22.exd5 Nxd5
23.Nxd5 Bxd5 24.Bxd5 exd5 25.Nd4 Qb7 26.Nxb5 Rb8 27.Nd4 Re8 28.a3 Bf6 29.Qd3 Re4
30.Nf5 Re6 31.Rfd1 g6 32.Nh6+ Kf8 33.Qxd5 Qxd5 34.Rxd5 Rxe3 35.Rxd7 Be7 36.Ra7 Re4
37.Rf1 Rc8 38.Rf2 Rd8 39.g5 Re8 40.f5 Bxg5  1-0

[Event "BLR-ch Minsk"]
[Site "Minsk"]
[Date "1996.??.??"]
[Round "8"]
[White "Korzubov, Peter"]
[Black "Litvinov, V."]
[Result "1-0"]
[WhiteElo "2440"]
[BlackElo "2370"]

1.e4 c5 2.Nf3 e6 3.d4 cxd4 4.Nxd4 Nc6 5.Nb5 d6 6.Bf4 e5 7.Be3 Nf6 8.Bg5 a6
9.Bxf6 gxf6 10.N5c3 f5 11.Nd2 Bg7 12.Bc4 O-O 13.O-O Nd4 14.Bd5 f4 15.Kh1 Kh8
16.Ne2 Nc6 17.Ng1 Ne7 18.Bb3 b5 19.Qh5 Ng8 20.a4 Bb7 21.Qe2 Qd7 22.Ngf3 Nf6
23.axb5 axb5 24.Rad1 Bc6 25.Nh4 Qb7 26.f3 Rfe8 27.Nf5 Bf8 28.Qf2 d5 29.Qh4 Ng8
30.exd5 Bxd5 31.Bxd5 Qxd5 32.Ne4 Qe6 33.Nfd6 Bxd6 34.Rxd6 Qc4 35.Rdd1 Ra6
36.Qf2 Qc7 37.Qe2 Rc6 38.Qd3 b4 39.Rd2 Rc4 40.Qb3 Re6 41.Rfd1 Nf6 42.Nxf6 Rxf6
43.Qa4 Qc6 44.Qa5 Qc5 45.Qd8+ Kg7 46.Rd5 Qf2 47.R5d2 Qe3 48.b3 Rcc6 49.Rd3 Qc5
50.R3d2 Ra6 51.h3 Ra2 52.c4 Ra3 53.Qd3 Qe3 54.Qxe3 fxe3 55.Rd3 e2 56.Re1 e4
57.Re3 exf3 58.gxf3 Re6 59.R1xe2 Rxb3 60.Rg2+  1-0

[Event "Moscow (Women)"]
[Site "Moscow"]
[Date "1996.??.??"]
[Round "?"]
[White "Lysova, Olga"]
[Black "Lymar, Irina"]
[Result "0-1"]
[WhiteElo "2005"]
[BlackElo "2210"]

1.e4 c5 2.Nf3 e6 3.d4 cxd4 4.Nxd4 Nc6 5.Nb5 d6 6.c4 Nf6 7.N1c3 a6 8.Na3 b6
9.Be3 Bb7 10.Qb3 Nd7 11.Be2 Be7 12.O-O O-O 13.f3 Qc7 14.Rac1 Rac8 15.Rfd1 Bd8
16.Qc2 Qb8 17.Bf1 Nce5 18.Qd2 Bc7 19.Qf2 f5 20.Qh4 fxe4 21.Nxe4 Nf6 22.Be2 Nxe4
23.fxe4 Qa8 24.Nc2 Bxe4 25.Nd4 Bxg2 26.Qg3 Bf3 27.Bh6 Rf7 28.Rf1 Qe4 29.Rcd1 d5
30.Nxe6 Bxe2 31.Rxf7 Nf3+ 32.Qxf3 Bxf3 33.Rxg7+ Kh8 34.Ng5 Qe3+  0-1

[Event "Moscow-ch"]
[Site "Moscow"]
[Date "1996.??.??"]
[Round "1"]
[White "Guliev, Logman"]
[Black "Zaitsev, Mikhail"]
[Result "0-1"]
[WhiteElo "2360"]
[BlackElo "2255"]

1.e4 c5 2.Nf3 e6 3.d4 cxd4 4.Nxd4 Nc6 5.Nb5 d6 6.c4 Nf6 7.N1c3 a6 8.Na3 d5
9.cxd5 exd5 10.exd5 Nb4 11.Bc4 Bg4 12.Qd4 b5 13.Bb3 Bc5 14.Qe5+ Kf8 15.Bc2 Qd7
16.O-O Re8 17.Qg3 Nxc2 18.Nxc2 b4 19.Nd1 Be2 20.Re1 Ne4 21.Qb3 Bxd1 22.Rxd1 Bxf2+
23.Kh1 h5 24.Nxb4 h4 25.Qh3 Qd6 26.Nd3 Kg8 27.Bf4 Qf6 28.Qg4 Ng3+ 29.Bxg3 hxg3
30.h3 Rh4 31.Qd7 Rd8 32.Qxd8+ Qxd8 33.d6 Rxh3+  0-1

[Event "RUS-Cup2"]
[Site "Moscow"]
[Date "1996.??.??"]
[Round "4"]
[White "Sinkevich, Petr"]
[Black "Nekrasova, Elena"]
[Result "1/2-1/2"]
[WhiteElo "2315"]
[BlackElo "2085"]

1.e4 c5 2.Nf3 e6 3.d4 cxd4 4.Nxd4 Nc6 5.Nb5 d6 6.Bf4 e5 7.Be3 Nf6 8.N5c3 Be6
9.Bg5 Qb6 10.b3 Ng4 11.Qd2 h6 12.Bh4 Be7 13.Bxe7 Kxe7 14.Bd3 Rhe8 15.O-O Nf6
16.Na3 d5 17.exd5 Nxd5 18.Nc4 Qd8 19.Rae1 Nxc3 20.Qxc3 Qd4 21.Qxd4 exd4 22.f4 Kd7
23.Ne5+ Kd6 24.Bb5 a6 25.Bxc6 bxc6 26.Rd1 Kc5 27.a3 Rad8 28.h3 f6 29.Nd3+ Kb6
30.Kf2 c5 31.Rfe1 Bf5 32.Kf3 Bxd3 33.Rxe8 Rxe8 34.Rxd3 Kb5 35.c3 dxc3 36.Rxc3 Re7
37.Rc4 a5 38.a4+ Kc6 39.Rc3 Kd5 40.Rd3+ Kc6 41.Rd8 Rb7  1/2-1/2

[Event "JUG-chT"]
[Site "Niksic"]
[Date "1996.??.??"]
[Round "?"]
[White "Rajkovic, Ljubisa"]
[Black "Mackic, Zoran"]
[Result "0-1"]
[WhiteElo "2275"]
[BlackElo "2440"]

1.e4 c5 2.Nf3 e6 3.d4 cxd4 4.Nxd4 Nc6 5.Nb5 d6 6.c4 Nf6 7.N1c3 a6 8.Nd4 Be7
9.Be2 O-O 10.O-O Qc7 11.Be3 Nxd4 12.Bxd4 b6 13.Rc1 Bb7 14.Qd3 Nd7 15.Qg3 Bf6
16.Rfd1 Rfd8 17.Bxf6 Nxf6 18.Qh4 Qc5 19.a3 g5 20.Qh6 Nxe4 21.Nxe4 Bxe4 22.Rc3 Bg6
23.Rg3 Qe5 24.Bd3 Qxb2 25.Qxg5 Qe5 26.Qe7 Re8 27.Qb7 b5 28.cxb5 Reb8 29.Qe7 axb5
30.Bxg6 hxg6 31.Qxd6 Qxd6 32.Rxd6 b4  0-1

[Event "JUG-chT (Women)"]
[Site "Novi Sad"]
[Date "1996.??.??"]
[Round "?"]
[White "Manakova, Maria"]
[Black "Bojkovic, Natasa"]
[Result "0-1"]
[WhiteElo "2290"]
[BlackElo "2400"]

1.e4 c5 2.Nf3 e6 3.d4 cxd4 4.Nxd4 Nc6 5.Nb5 d6 6.c4 Nf6 7.N1c3 a6 8.Na3 b6
9.Be2 Bb7 10.O-O Nb8 11.f3 Nbd7 12.Be3 Be7 13.Qd2 O-O 14.Rfd1 Qc7 15.Bf1 Rac8
16.Qf2 Bc6 17.Rac1 Qb8 18.Nc2 Rfe8 19.Kh1 Bd8 20.Be2 Kh8 21.Rg1 h6 22.Rcd1 Bb7
23.Rd2 Nh7 24.Rgd1 Bc7 25.Qh4 Bd8 26.Qf2 Bc7 27.Qh4 Ne5 28.f4 Ng6 29.Qf2 Nf6
30.Bf3 b5 31.cxb5 axb5 32.b4 Qa8 33.Nxb5 Nxe4 34.Bxe4 Bxe4 35.Nxc7 Rxc7 36.Nd4 Rec8
37.Nb5 Rc1 38.Nxd6 Rxd1+ 39.Rxd1 Rc2 40.Bd2 Rxa2 41.Nxf7+ Kg8 42.Nd6 Bc2
43.f5 exf5 44.Rg1 Qd5 45.Qc5 Bb3 46.Bc3 Rc2 47.Qc7 Qxg2+ 48.Rxg2 Rc1+  0-1

[Event "RUS-Cup3"]
[Site "Omsk"]
[Date "1996.??.??"]
[Round "7"]
[White "Smikovski, I."]
[Black "Uskova, Fliura"]
[Result "1/2-1/2"]
[WhiteElo "2545"]
[BlackElo "2310"]

1.e4 c5 2.Nf3 e6 3.d4 cxd4 4.Nxd4 Nc6 5.Nb5 d6 6.c4 Nf6 7.N5c3 Be7 8.g3 a6
9.Bg2 Bd7 10.Na3 O-O 11.O-O Rb8 12.Qe2 b5 13.cxb5 Nd4 14.Qd1 Nxb5  1/2-1/2

[Event "RUS-chT"]
[Site "Orel"]
[Date "1996.??.??"]
[Round "?"]
[White "Ovetchkin, Roman"]
[Black "Samarin, Igor"]
[Result "1/2-1/2"]
[WhiteElo "2385"]
[BlackElo "2395"]

1.e4 c5 2.Nf3 e6 3.d4 cxd4 4.Nxd4 Nc6 5.Nb5 d6 6.c4 Nf6 7.N1c3 a6 8.Na3 Be7
9.Be2 O-O 10.O-O b6 11.Be3 Ne5 12.Qb3 Ned7 13.Rfd1 Qc7 14.Rac1 Bb7 15.f3 Nc5
16.Qc2 Rac8 17.Bf1 Qb8 18.Qd2  1/2-1/2

[Event "Komercni Banka op"]
[Site "Pardubice"]
[Date "1996.??.??"]
[Round "7"]
[White "Rodin, Mihail"]
[Black "Milov, Leonid"]
[Result "0-1"]
[WhiteElo "2430"]
[BlackElo "2455"]

1.e4 c5 2.Nf3 e6 3.d4 cxd4 4.Nxd4 Nc6 5.Nb5 d6 6.Bf4 e5 7.Be3 Nf6 8.Bg5 Be6
9.Bxf6 gxf6 10.Nd2 d5 11.exd5 Bxd5 12.Nc4 Be6 13.Ncd6+ Bxd6 14.Qxd6 Qxd6
15.Nxd6+ Ke7 16.O-O-O Rhd8 17.Nb5 Nb4 18.Nc3 Rxd1+ 19.Kxd1 Bf5 20.a3 Nxc2
21.g4 Rd8+ 22.Kc1 Bg6 23.Bg2 Nd4 24.b4 b6 25.Kb2 h5 26.h3 f5 27.Re1 Ke6 28.f4 f6
29.gxh5 Bxh5 30.Bf1 Rc8 31.Ba6 Rc7 32.Rg1 Bf3 33.Rg8 Bc6 34.Bc4+ Kd6 35.Rf8 exf4
36.Rxf6+ Ke5 37.Rg6 f3 38.Bf1 Be4 39.Rg8 Rd7 40.a4 Ne2 41.Re8+ Kf4  0-1

[Event "Komercni Banka op"]
[Site "Pardubice"]
[Date "1996.??.??"]
[Round "8"]
[White "Kopmann, Rene"]
[Black "Tunik, Gennady"]
[Result "1/2-1/2"]
[WhiteElo "2320"]
[BlackElo "2440"]

1.e4 c5 2.Nf3 e6 3.d4 cxd4 4.Nxd4 Nc6 5.Nb5 d6 6.c4 Nf6 7.N5c3 Be7 8.Be3 O-O
9.Be2 b6 10.O-O Bb7 11.f4 d5 12.cxd5 exd5 13.Nxd5 Nxd5 14.exd5 Nb4 15.Nc3 Nxd5
16.Nxd5 Qxd5 17.Qxd5 Bxd5 18.Bf3 Bxf3 19.Rxf3 Bf6 20.Rb1 Rac8 21.Bd2 Rc4
22.Bc3 Bxc3 23.Rxc3 Rxf4 24.Rc7 Ra4 25.a3 g6 26.Rd1 h5 27.Rdd7 a6 28.Rd6 b5
29.Ra7 Rc4 30.Rdxa6 Rc1+ 31.Kf2 Rc2+ 32.Kf1 Rcc8 33.Re7 Rfd8 34.Raa7 Rc2
35.Re2 Rd1+ 36.Kf2 Rc5 37.g3 g5 38.Rae7 Rf5+ 39.Kg2 Rdd5 40.Rf2 Kg7 41.Rxf5 Rxf5
42.Re2 Rd5 43.Kf2 Kf6 44.Ke3 Ke5 45.b3 Rd1 46.Rc2 Re1+ 47.Kd3 Ra1 48.Rc5+ Kf6
49.h4 gxh4 50.gxh4 Rxa3 51.Rxb5 Kg6 52.Rg5+ Kh6 53.Kc4 Ra1 54.Rf5 Rc1+ 55.Kd3 Kg6
56.Rf4 f5 57.b4 Kf6 58.Kd2 Ra1 59.Rc4 Ke5 60.b5 Rb1 61.Rc5+ Ke4 62.Kc2 Rb4
63.Kc3 Rb1 64.Kc2 Rb4 65.Kc3 Rb1  1/2-1/2

[Event "ARG-ch"]
[Site "Pena City"]
[Date "1996.??.??"]
[Round "1"]
[White "Spangenberg, Hugo"]
[Black "Dorin, Mauricio"]
[Result "1/2-1/2"]
[WhiteElo "2555"]
[BlackElo "2290"]

1.e4 c5 2.Nf3 e6 3.d4 cxd4 4.Nxd4 Nc6 5.Nb5 d6 6.c4 Nf6 7.N1c3 a6 8.Na3 Be7
9.Be2 O-O 10.O-O b6 11.Be3 Ne5 12.f4 Ned7 13.Bf3 Bb7 14.Qe2 Rc8 15.Rad1 Qc7
16.g4 d5 17.exd5 Bxa3 18.bxa3 Qxc4 19.dxe6 Bxf3 20.Qxf3 Qxe6 21.f5 Qc6 22.Bd4 h6
23.Qg3 Rfe8 24.g5 hxg5 25.Qxg5 Ne5 26.Qg3 Ne4 27.Nxe4 Qxe4 28.Rf4 Qe2 29.Rdf1 Qd3
30.Qxd3 Nxd3 31.R4f3 Ne5 32.Re3 Nd7 33.Rg3 f6 34.Rf2 Rc1+ 35.Kg2 Re7 36.Kh3 b5
37.Bb2 Rc4 38.Rd2 Kf7 39.Rd6 Nc5 40.Rg4  1/2-1/2

[Event "EU-ch U18"]
[Site "Rimavska Sobota"]
[Date "1996.??.??"]
[Round "6"]
[White "Turzo, Attila"]
[Black "Vergun, Dmitri"]
[Result "1/2-1/2"]
[WhiteElo "2315"]
[BlackElo "2150"]

1.e4 c5 2.Nf3 e6 3.d4 cxd4 4.Nxd4 Nc6 5.Nb5 d6 6.c4 Nf6 7.N1c3 a6 8.Na3 Be7
9.Be2 O-O 10.O-O Bd7 11.Be3 Ne5 12.Rc1 Bc6 13.f3 b6 14.Qd2 Ra7 15.Rfd1 Qb8
16.Nc2 Rd8 17.Nd4 Ba8 18.b3 Kh8 19.g4 h6 20.h4 Nh7 21.h5 Nf6 22.g5 hxg5 23.Bxg5 Nc6
24.Nxc6 Bxc6 25.Qf4 Nxh5 26.Qh4 Bxg5 27.Qxg5 Nf6 28.Kf2 Kg8 29.Rh1 Kf8 30.Rcg1 Ke7
31.Rh7 Rg8 32.Rxg7 Rxg7 33.Qxg7  1/2-1/2

[Event "Sakthi"]
[Site "Sakthi"]
[Date "1996.??.??"]
[Round "6"]
[White "Konguveel, Ponnuswamy"]
[Black "Thipsay, Praveen Mahadeo"]
[Result "1-0"]
[WhiteElo "2395"]
[BlackElo "2475"]

1.e4 c5 2.Nf3 e6 3.d4 cxd4 4.Nxd4 Nc6 5.Nb5 d6 6.c4 Nf6 7.N1c3 a6 8.Na3 Be7
9.Be2 O-O 10.O-O b6 11.Be3 Bb7 12.Qb3 Na5 13.Qxb6 Nxe4 14.Nxe4 Bxe4 15.f3 Bg6
16.Qxd8 Bxd8 17.Rad1 Rb8 18.b3 Be7 19.Nb1 Nc6 20.Nc3 Nb4 21.Rd2 Rbc8 22.Rc1 d5
23.a3 d4 24.axb4 dxe3 25.Ra2 Bxb4 26.Rxa6 Ra8 27.Ra4 Rxa4 28.Nxa4 Bd2 29.Ra1 Bc2
30.Nc5 h6 31.Ra2 Bf5 32.Na6 e5 33.b4 Be6 34.b5 Ra8 35.b6 Bc8 36.c5 Bb7 37.Kf1 Kf8
38.Bb5 Rc8 39.Nc7 Rb8 40.c6 Bxc6 41.Bxc6 Ke7 42.b7  1-0

[Event "SLO-chT sf"]
[Site "SLO"]
[Date "1996.??.??"]
[Round "6"]
[White "Brecevic, V."]
[Black "Vospernik, Zdravko"]
[Result "1/2-1/2"]
[WhiteElo "2165"]
[BlackElo "2285"]

1.e4 c5 2.Nf3 e6 3.d4 cxd4 4.Nxd4 Nc6 5.Nb5 d6 6.c4 a6 7.Nd4 Nf6 8.Nc3 Be7
9.Be2 O-O 10.O-O d5 11.exd5 exd5 12.Nxd5 Nxd5 13.cxd5 Nb4 14.Nc2 Nxd5 15.Bf3 Nf6
16.Nd4 Qd6 17.Nb3 Rd8 18.Qxd6 Bxd6 19.Bg5 Rb8 20.Rad1 Be6 21.Na5 Bc7 22.Rxd8+ Bxd8
23.Nxb7 Bxa2 24.Nxd8 Rxd8 25.Bxf6 gxf6 26.Rd1  1/2-1/2

[Event "Solymar op"]
[Site "Solymar"]
[Date "1996.??.??"]
[Round "?"]
[White "Czebe, Attila"]
[Black "Horvath, Gyula"]
[Result "1/2-1/2"]
[WhiteElo "2325"]
[BlackElo "2445"]

1.e4 c5 2.Nf3 e6 3.d4 cxd4 4.Nxd4 Nc6 5.Nb5 d6 6.c4 Nf6 7.N1c3 a6 8.Na3 Be7
9.Be2 b6 10.O-O Bb7 11.Be3 Nb8 12.f3 Nbd7 13.Qd2 O-O 14.Nc2 Rc8 15.Rfd1 Qc7
16.Bf1 Ne5 17.Qf2 Nfd7 18.Na3 f5 19.exf5 Rxf5 20.Nc2 Rxf3 21.gxf3 Bh4 22.Qg2 Nxf3+
23.Kh1 Nfe5 24.Ne4 Nf6 25.Rd4 b5  1/2-1/2

[Event "SVK-chT9596"]
[Site "?"]
[Date "1996.??.??"]
[Round "7"]
[White "Castiglione, Mario"]
[Black "Biro, Karol"]
[Result "1-0"]
[WhiteElo "2190"]
[BlackElo "2240"]

1.e4 e6 2.d4 c5 3.Nf3 cxd4 4.Nxd4 Nc6 5.Nb5 d6 6.N1c3 a6 7.Nd4 Nxd4 8.Qxd4 Ne7
9.Bg5 Nc6 10.Qe3 Be7 11.Bxe7 Qxe7 12.Be2 O-O 13.O-O Rd8 14.Rad1 Bd7 15.Rd2 Be8
16.Rfd1 b5 17.Qg3 Ne5 18.f4 Ng6 19.Bh5 b4 20.Ne2 Rac8 21.Bxg6 hxg6 22.Qb3 a5
23.Ng3 Rc5 24.e5 d5 25.Ne4 Rc7 26.Qh3 f6 27.Qh4 g5 28.fxg5 fxe5 29.Rd3 Rc4
30.Rh3 Rxe4 31.Qh7+ Kf8 32.Qh8+ Kf7 33.g6+ Kxg6 34.Rg3+ Kf5 35.Qh7+ Kf6 36.Rf1+ Rf4
37.Rxf4+ exf4 38.Qh4+  1-0

[Event "CZE-ch U20"]
[Site "Usti nad Labem"]
[Date "1996.??.??"]
[Round "6"]
[White "Kalod, Radek"]
[Black "Suran, Jan"]
[Result "1-0"]
[WhiteElo "2340"]
[BlackElo "2300"]

1.e4 c5 2.Nf3 Nc6 3.d4 cxd4 4.Nxd4 e6 5.Nb5 d6 6.c4 Nf6 7.N1c3 a6 8.Na3 Be7
9.Be3 O-O 10.Be2 b6 11.O-O Bb7 12.Rc1 Nd7 13.Qd2 Qb8 14.Rfd1 Qa7 15.Nc2 Rac8
16.Nd4 Qb8 17.b3 Rfe8 18.Bf1 Bd8 19.f3 Bc7 20.h3 Nce5 21.Kh1 Nf6 22.Qf2 h6
23.b4 Bd8 24.Na4 d5 25.exd5 exd5 26.c5 b5 27.Nc3 Nc4 28.Bxc4 dxc4 29.Nf5 Bc7
30.Nd6 Bxd6 31.Rxd6 Rcd8 32.Rcd1 Rxd6 33.Rxd6 Rd8 34.Qd2 Rxd6 35.cxd6 Bc6
36.Qd4 Qc8 37.Kh2 Qe6 38.Bf4 Nd5 39.Nxd5 Bxd5 40.a3 Bc6 41.Qc5 Qd7 42.h4 f6
43.Kg1 Kf7 44.Kf2 Bb7 45.h5 Ke6 46.a4 Kf7 47.a5 Ke6 48.Ke2 Kf7 49.Ke3 Ke6
50.Kd4 Qc8 51.Qc7 Qd7 52.Kc5 c3 53.Kb6 Bc8 54.Ka7 c2 55.Kb8 Qxc7+ 56.dxc7 Bd7
57.c8=Q Bxc8 58.Kxc8 Kd5 59.Kb7 Kc4 60.Kxa6 Kxb4 61.Kb6 Kc4 62.a6 b4 63.a7 b3
64.Bc1 Kc3 65.a8=Q  1-0

[Event "LTU-ch"]
[Site "Vilnius"]
[Date "1996.??.??"]
[Round "5"]
[White "Slekys, Emilis"]
[Black "Bandza, Algirdas"]
[Result "1/2-1/2"]
[WhiteElo "2355"]
[BlackElo "2380"]

1.e4 c5 2.Nf3 e6 3.d4 cxd4 4.Nxd4 Nc6 5.Nb5 d6 6.c4 Nf6 7.N1c3 a6 8.Na3 Be7
9.Be2 O-O 10.O-O b6 11.Be3 Ne5 12.f4 Ned7 13.Bf3 Bb7 14.Qe2 Re8 15.Bf2 e5
16.f5 b5 17.Nd5 Nxd5 18.cxd5 Rc8 19.Nc2 Nb6 20.b3 Bg5 21.g3 Nd7 22.h4 Be7
23.Rfc1 Qc7 24.Be3 Qb8 25.Nb4 Qa8 26.Nd3 Rxc1+ 27.Rxc1 Rc8 28.a4 Rxc1+ 29.Bxc1 bxa4
30.bxa4 a5 31.Be3 Ba6 32.Qc2 Bd8 33.Kg2 Qc8 34.Qxc8 Bxc8 35.Nb2 Bb6 36.Bd2 Ba6
37.g4 Kf8 38.g5 Ke7 39.h5 Nc5 40.Kg3 Nd3 41.Nd1 Nc5 42.Nb2 Nb3 43.Bc3 f6
44.g6 h6 45.Bd1 Bd4 46.Bxb3 Bxc3 47.Bc4  1/2-1/2

[Event "Winterthur-B"]
[Site "Winterthur"]
[Date "1996.??.??"]
[Round "4"]
[White "Sievers, Stefan"]
[Black "Kaenel, Hansjuerg"]
[Result "0-1"]
[WhiteElo "2380"]
[BlackElo "2405"]

1.e4 c5 2.Nf3 e6 3.d4 cxd4 4.Nxd4 Nc6 5.Nb5 d6 6.Bf4 e5 7.Be3 a6 8.N5c3 Be6
9.Be2 Nf6 10.O-O Be7 11.Nd5 Bxd5 12.exd5 Nb8 13.a4 Nbd7 14.a5 O-O 15.c4 Qb8
16.b4 Rc8 17.Nd2 Bd8 18.Nb3 b6 19.axb6 Bxb6 20.Bxb6 Qxb6 21.Ra4 Ne4 22.Qd3 f5
23.g3 g6 24.Kg2 Ng5 25.Na5 e4 26.Qe3 Qxe3 27.fxe3 Nb6 28.Ra2 Kg7 29.Nc6 Nf7
30.Rfa1 Ne5 31.Nxe5 dxe5 32.d6 Nxc4 33.d7 Nxe3+ 34.Kf2 Rc3 35.b5 f4 36.Ra3 Rc7
37.Rxa6 Rd8 38.Ra7 Rcxd7 39.b6 Kh6 40.Rxd7 Rxd7 41.Rb1 Rb7 42.Ba6 Rb8 43.b7 Nd5
44.Rb3 Kg7 45.Bf1 g5 46.Bh3 e3+ 47.Ke2 e4 48.Bf5 f3+ 49.Ke1 Nf6 50.Bc8 e2
51.Rb4 h5 52.h3 g4 53.hxg4 hxg4 54.Ra4 e3 55.Rb4 Kg6 56.Bxg4 Rxb7 57.Rxb7 Nxg4
58.Rg7+ Kf5 59.Rg5+ Ke4 60.Rxg4+ Kd3  0-1

[Event "Winterthur-B"]
[Site "Winterthur"]
[Date "1996.??.??"]
[Round "10"]
[White "Rasik, Vitezslav"]
[Black "Kaenel, Hansjuerg"]
[Result "1/2-1/2"]
[WhiteElo "2440"]
[BlackElo "2405"]

1.e4 c5 2.Nf3 e6 3.d4 cxd4 4.Nxd4 Nc6 5.Nb5 d6 6.Bf4 e5 7.Be3 a6 8.N5c3 Be6
9.Be2 Nf6 10.O-O Be7 11.Nd5 Bxd5 12.exd5 Nb8 13.a4 Nbd7 14.a5 O-O 15.c4 Ne8
16.Nc3 Bg5 17.Qd2 Bxe3 18.Qxe3 f5 19.b4 Nef6 20.f4 Re8 21.Rac1 Qc7 22.Bd3 g6
23.Na4 exf4 24.Qxf4 Ne5 25.Be2 Rad8 26.Rfe1 Qf7 27.Nb6 Re7 28.Red1 Ne4 29.c5 g5
30.Qe3 Qg6 31.c6 f4 32.Qd4 Rc7 33.cxb7 Rxb7 34.Bxa6 Rg7 35.Bd3 Nxd3 36.Qxd3 g4
37.Re1 Re7 38.Rc8 Rde8 39.Rxe8+ Rxe8 40.Nd7 Kf7 41.a6 f3 42.Rf1 Ke7 43.a7 Kxd7
44.Qb5+ Ke7 45.a8=Q Rxa8 46.Qb7+ Kf6 47.Qxa8 f2+ 48.Rxf2+ Nxf2 49.Qa1+ Kg5
50.Qc1+ Kh5 51.Kxf2 Qf5+ 52.Kg1 Qxd5  1/2-1/2

[Event "Oberliga Wuert9697"]
[Site "Wuerttemberg"]
[Date "1996.??.??"]
[Round "?"]
[White "Pieper, Thomas"]
[Black "Frolik, Erhard"]
[Result "1/2-1/2"]
[WhiteElo "2215"]
[BlackElo "2245"]

1.e4 c5 2.Nf3 e6 3.d4 cxd4 4.Nxd4 Nc6 5.Nb5 d6 6.Bf4 e5 7.Be3 Nf6 8.Bg5 Be6
9.N1c3 a6 10.Bxf6 gxf6 11.Na3 d5 12.Nxd5 Bxa3 13.bxa3 Qa5+ 14.Qd2 Qxd2+ 15.Kxd2 O-O-O
16.Bc4 Ne7 17.Kc3 Nxd5+ 18.exd5 Bxd5 19.Bxd5 Rxd5 20.Rad1 Rhd8 21.Rxd5 Rxd5
22.Rb1 Rc5+ 23.Kd2 Rd5+ 24.Kc3 Rc5+ 25.Kd2 Rd5+ 26.Kc1 Rd6 27.Rb3 f5 28.Re3 Re6
29.Rh3 h6 30.Kd2 Rg6 31.g3 Kd7 32.Rh5 Ke6 33.Rh4 Kd5 34.Rb4 b5 35.a4 Rg4
36.Kc3 Kc5 37.f4 h5 38.axb5 axb5 39.a4 bxa4 40.Rxa4 Kb5 41.Kb3 f6 42.c4+ Kb6
43.Rb4+ Kc6 44.Rb5 exf4 45.Rxf5  1/2-1/2

[Event "Oberliga Wuert9697"]
[Site "Wuerttemberg"]
[Date "1996.??.??"]
[Round "?"]
[White "Reichert, Matthias"]
[Black "Krockenberger, Martin"]
[Result "1-0"]
[WhiteElo "2240"]
[BlackElo "2300"]

1.e4 c5 2.Nf3 e6 3.d4 cxd4 4.Nxd4 Nc6 5.Nb5 d6 6.c4 Nf6 7.N5c3 Be7 8.Be2 b6
9.f4 O-O 10.O-O Bb7 11.Be3 Rc8 12.Nd2 Re8 13.Kh1 Qc7 14.Rc1 Qb8 15.Bf3 Nd7
16.Bg1 Nc5 17.Nb3 Nxb3 18.axb3 Bf6 19.Nb5 Rcd8 20.Qe2 a6 21.Nxd6 Rxd6 22.e5 Bxe5
23.fxe5 Rd7 24.Bxb6 Nxe5 25.Bxb7 Qxb7 26.c5 Nc6 27.Rcd1 Rxd1 28.Rxd1 e5 29.Qe4 Qc8
30.Rd6 Nd4 31.c6 Qb8 32.c7 Qc8 33.Rd8 Qe6 34.Bxd4  1-0

[Event "Yerevan ol (Men)"]
[Site "Yerevan"]
[Date "1996.??.??"]
[Round "1"]
[White "Yung, Lau"]
[Black "Fiorito, Fabian"]
[Result "0-1"]
[WhiteElo "2030"]
[BlackElo "2470"]

1.e4 c5 2.Nf3 e6 3.d4 cxd4 4.Nxd4 Nc6 5.Nb5 d6 6.c4 Nf6 7.N1c3 a6 8.Na3 b6
9.Be3 Ne5 10.Be2 Bb7 11.f4 Ned7 12.Bf3 Qc7 13.O-O Be7 14.g4 h6 15.Qe2 g5
16.fxg5 hxg5 17.Bxg5 Nxg4 18.Bxg4 Bxg5 19.Rad1 Ne5 20.b4 Be7 21.h3 b5 22.Nc2 Qxc4
23.Qxc4 Nxc4 24.Rfe1 Ne5 25.Ne3 Rc8 26.Ne2 Bxe4 27.Ng3 Bb7 28.Rc1 f5 29.Rxc8+ Bxc8
30.Rc1 Kd8 31.Bxf5 exf5  0-1

[Event "Yerevan ol (Men)"]
[Site "Yerevan"]
[Date "1996.??.??"]
[Round "2"]
[White "Zaichik, Gennadi"]
[Black "Johansen, Darryl K"]
[Result "1/2-1/2"]
[WhiteElo "2550"]
[BlackElo "2500"]

1.e4 c5 2.Nf3 e6 3.d4 cxd4 4.Nxd4 Nc6 5.Nb5 d6 6.c4 Nf6 7.N5c3 Be7 8.Be2 O-O
9.O-O b6 10.Be3 Bb7 11.Na3 Ne5 12.f4 Ned7 13.Bf3 a6 14.Qc2 Qc7 15.Rac1 Rac8
16.g4 b5 17.cxb5 d5 18.Nxd5 Nxd5 19.exd5 Qb8 20.Qg2 exd5 21.Nc2 axb5 22.Nd4 Bc5
23.Qd2 Rfe8 24.Bf2 Nf6 25.Rfe1 Ne4 26.Bxe4 dxe4 27.Be3 Qd6 28.Red1 b4 29.Qe1 Qa6
30.Nb3 Bf8 31.Nc5 Bxc5 32.Rxc5 Rxc5 33.Bxc5 h5 34.Be3 hxg4 35.Qxb4 Qe2 36.Qd2 Qf3
37.Rf1 Qh3 38.Qf2 Ra8 39.a3 Rd8 40.Qg3 Qxg3+ 41.hxg3 Rd3 42.Kf2 Rb3 43.Rd1  1/2-1/2

[Event "Yerevan op"]
[Site "Yerevan"]
[Date "1996.??.??"]
[Round "2"]
[White "Voskanian, Vahagn"]
[Black "Razuvaev, Yuri S"]
[Result "0-1"]
[WhiteElo "2410"]
[BlackElo "2580"]

1.e4 c5 2.Nf3 Nc6 3.d4 cxd4 4.Nxd4 e6 5.Nb5 d6 6.c4 Nf6 7.N1c3 a6 8.Na3 Be7
9.Be2 O-O 10.O-O b6 11.Be3 Ne5 12.f4 Ned7 13.Bf3 Bb7 14.Qe2 h6 15.Rad1 Qc7
16.Rfe1 Rac8 17.Kh1 Rfe8 18.Qf2 Nh7 19.Bd4 e5 20.Be3 exf4 21.Bxf4 Ne5 22.Na4 Bd8
23.Be3 Qc6 24.Nxb6 Bxb6 25.Bxb6 Ng5 26.Bd4 Nexf3 27.gxf3 Nxe4 28.Qg2 Ng5
29.Rxe8+ Rxe8 30.Rf1 Qxf3  0-1

[Event "Yerevan ol (Men)"]
[Site "Yerevan"]
[Date "1996.??.??"]
[Round "2"]
[White "Mamombe, Kudzanai"]
[Black "Sitanggang, Salor"]
[Result "0-1"]
[WhiteElo "2140"]
[BlackElo "2410"]

1.e4 c5 2.Nf3 Nc6 3.d4 cxd4 4.Nxd4 e6 5.Nb5 d6 6.Bf4 e5 7.Be3 Be7 8.N1c3 a6
9.Na3 Nf6 10.Bg5 O-O 11.Bxf6 Bxf6 12.Nd5 b5 13.c3 Bg5 14.Be2 Ne7 15.Nxe7+ Qxe7
16.Nc2 Bb7 17.Bf3 d5 18.exd5 e4 19.Be2 Rad8 20.c4 bxc4 21.Bxc4 Qc7 22.Qe2 Bxd5
23.Bxa6 Be6 24.O-O Rd2 25.Qb5 h6 26.Ne1 Rb8 27.Qa4 Qd6 28.Bc4 Qd4 29.Bb3 Qxa4
30.Bxa4 Bc4 31.Bb3 Bxf1 32.Kxf1 Rxb2 33.Rd1 Bd2 34.g3 Kf8 35.Ng2 Ke7 36.h4 h5
37.Bd5 f5 38.Bb3 Rd8 39.Bc4 Rc8 40.Bb3 Rc3 41.Ra1 g6 42.Rd1 Kf6 43.Ra1 Rf3
44.Bd1 Ra3 45.Ne3 Bxe3 46.fxe3 Rbxa2 47.Rxa2 Rxa2 48.Be2 Ra8 49.Kf2 g5 50.hxg5+ Kxg5
51.Kg2 Ra2 52.Kf1 h4 53.gxh4+ Kxh4 54.Kf2  0-1

[Event "Yerevan ol (Women)"]
[Site "Yerevan"]
[Date "1996.??.??"]
[Round "5"]
[White "Sedina, Elena"]
[Black "Ioseliani, Nana"]
[Result "1/2-1/2"]
[WhiteElo "2345"]
[BlackElo "2500"]

1.e4 c5 2.Nf3 e6 3.d4 cxd4 4.Nxd4 Nc6 5.Nb5 d6 6.c4 Nf6 7.N1c3 a6 8.Na3 Be7
9.Be2 O-O 10.O-O b6 11.Be3 Ne5 12.Qb3 Ned7 13.Rfd1 Qc7 14.Rac1 Bb7 15.f3 Rac8
16.Qc2 Rfe8 17.Qd2 Qb8 18.Kh1 h6 19.Bf1 Ne5 20.Na4 Nfd7 21.Qf2 d5 22.exd5 exd5
23.Nxb6 Nxb6 24.Bxb6 Bxa3 25.bxa3 Nxc4 26.Bd4 Qf4 27.Re1 Rxe1 28.Rxe1 Bc6
29.Ba1 Bb5 30.Bd3 Qd2 31.Qxd2 Nxd2 32.Bf5 Rd8 33.Bc2 Rc8 34.Bf5 Rb8 35.Bd4 Nc4
36.Bc5 g6 37.Bh3 Ba4 38.g3 Rb2 39.f4 Rxa2 40.Bg2 Bc6 41.Rb1 Kh7 42.Kg1 Rb2  1/2-1/2